LEADER 03051nam 2200841zu 450 001 9910137410903321 005 20260106220435.0 010 $a2-8218-4502-2 024 7 $a10.4000/books.ifea.2027 035 $a(CKB)3710000000543685 035 $a(SSID)ssj0001596065 035 $a(PQKBManifestationID)16295943 035 $a(PQKBTitleCode)TC0001596065 035 $a(PQKBWorkID)14885068 035 $a(PQKB)10614292 035 $a(FrMaCLE)OB-ifea-2027 035 $a(oapen)https://directory.doabooks.org/handle/20.500.12854/54035 035 $a(PPN)19577213X 035 $a(oapen)doab54035 035 $a(EXLCZ)993710000000543685 100 $a20160829d1992 uy 101 0 $aspa 135 $auu||||||m|||| 181 $ctxt 182 $cc 183 $acr 200 00$aMujeres de los Andes : condiciones de vida y salud 210 $cInstitut français d?études andines$d1992 210 31$a[Place of publication not identified]$cIFEA$d1992 215 $a1 online resource (471 p.) 300 $aBibliographic Level Mode of Issuance: Monograph 311 08$a958-616-173-0 330 1 $a"Rich collection of articles by anthropologists, economists, historians, physicians, and sociologists reflects on the complexity and diversity of issues associated with women's participation in traditional and non-traditional socio-cultural roles in Bolivia, Colombia, Ecuador, and Peru. Issues addressed include the relationship between illness and pregnancy in different ethnic groups within both urban and rural areas, female participation in civil society, and violence in gender relations"--Handbook of Latin American Studies, v. 57.$uhttp://www.loc.gov/hlas/ 606 $aSocial Conditions 606 $aWomen's Rights 606 $aWomen's Health 606 $aHealth 606 $aHuman Rights 606 $aSocioeconomic Factors 606 $aSociology 606 $aSocial Control, Formal 606 $aSocial Sciences 606 $aPopulation Characteristics 606 $aDelivery of Health Care 606 $aHealth Care Economics and Organizations 610 $aAndes 610 $aXXe siècle 610 $asanté 610 $adiscrimination sexuelle 610 $afemmes 610 $ahygiène 610 $aconditions de vie 610 $aviolence 615 2$aSocial Conditions. 615 2$aWomen's Rights. 615 2$aWomen's Health. 615 2$aHealth. 615 2$aHuman Rights. 615 2$aSocioeconomic Factors. 615 2$aSociology. 615 2$aSocial Control, Formal. 615 2$aSocial Sciences. 615 2$aPopulation Characteristics. 615 2$aDelivery of Health Care. 615 2$aHealth Care Economics and Organizations. 701 $aFassin$b Didier$0719773 701 $aViveros$b M$g(Mara)$01885448 702 $aDefossez$b A. C$g(Anne-Claire), 801 0$bPQKB 906 $aBOOK 912 $a9910137410903321 996 $aMujeres de los Andes : condiciones de vida y salud$94520734 997 $aUNINA